Get the Picture: Turkey vs. Ukraine Quiz Stats

 Plays Quiz Updated Feb 27, 2019

Score 0/15 Timer 02:30
5 Plays Today
Question Answer Wrong Answers
History
Was part of the Soviet Union.
Ukraine
93.3%
Turkey
2.7%
Just For Fun
Has red in its flag.
Turkey
85.9%
Ukraine
10.2%
Music
Home country of 1999 World Music Awards winner singer, Tarkan.
Turkey
82%
Ukraine
14.2%
Television
The second biggest exporter of TV series after the U.S. in the World.
Turkey
79.7%
Ukraine
16.4%
Holiday
The song 'Shchedryk', composed by a composer from this country was later adapted as an English Christmas carol, 'Carol of the Bells', by Peter J. Wilhousky.
Ukraine
77.4%
Turkey
18.9%
Science
Had a person in space earlier.
Ukraine
77.3%
Turkey
19%
Geography
Borders Romania.
Ukraine
77.1%
Turkey
19%
Gaming
2011 action-adventure video game Assassin's Creed: Revelations is set here.
Turkey
75.3%
Ukraine
20.8%
Language
Using the Cyrillic script.
Ukraine
72.2%
Turkey
23.9%
Movies
Keyser Söze, the main antagonist in the 1995 film The Usual Suspects is from this country.
Turkey
70.7%
Ukraine
25.7%
Entertainment
Has Eurovision Song Contest winners Ruslana and Jamala.
Ukraine
65.1%
Turkey
31.2%
Sports
Has a FIFA World Cup bronze medal.
Turkey
65%
Ukraine
31%
Literature
Has a Nobel laureate in Literature.
Turkey
60.6%
Ukraine
35.1%
Religion
Home for the Ruthenian Greek Catholic Church.
Ukraine
52%
Turkey
44.3%
Miscellaneous
Has the older university in continuous operation.
Ukraine
22.6%
Turkey
73.8%

Today's Daily Dose

Word Ladder
Lean on Me

Get the Picture
Superhero by Villain

You're not logged in!

Compare scores with friends on all Sporcle quizzes.
OR
Log In

Sporcle TV

Today on Sporcle TV


Watch our educational content, quiz creation guides, and fun videos on Sporcle TV.

Show Comments

Extras

Top Quizzes Today


Score Distribution

Your Account Isn't Verified!

In order to create a playlist on Sporcle, you need to verify the email address you used during registration. Go to your Sporcle Settings to finish the process.

Report this User

Report this user for behavior that violates our Community Guidelines.

Details: